Martín Fierro / (Registro nro. 11118)
[ vista simple ]
| 000 -LIDER | |
|---|---|
| fixed length control field | 00871nam a22002657a 4500 |
| 001 - NÚMERO DE CONTROL | |
| Identificador de número de control | 001002 |
| 003 - IDENTIFICACDOR DE NÚMERO DE CONTROL | |
| control field | DO-SdBPM |
| 005 - DATE AND TIME OF LATEST TRANSACTION | |
| control field | 20241129093320.0 |
| 007 - CAMPOS FIJOS DE DESCRIPCIÓN FÍSICA | |
| fixed length control field | 001002 |
| 008 - ELEMENTOS DE LONGITUD FIJA | |
| fixed length control field | 160808b2007 ck |||| 00| 0 spa d |
| 020 ## - ISBN | |
| International Standard Book Number | 9789583002199 |
| 040 ## - FUENTE DE CATALOGACIÓN | |
| Agencia que crea de manera original el registro | DO-SdBPM |
| Idioma de catalogación | spa |
| Agencia que realiza la transcripción | BPMSU |
| 082 #4 - NÚMERO DE CLASIFICACIÓN DECIMAL DE DEWEY | |
| Classification number | A861.5 |
| Item number | H557M 2007 |
| Edition number | 22 |
| 100 1# - ASIENTO PRINCIPAL -- NOMBRE PERSONAL | |
| Nombre personal | Hernández, José |
| Fechas asociadas con el nombre | 1834-1886 |
| 245 10 - MENCIÓN DE TITULO | |
| Título | Martín Fierro / |
| Mención de responsabilidad | José Hernández ; edición Gabriel Silva Rincón |
| 260 ## - PUBLICACIÓN, DISTRIBUCIÓN, ETC. (PIE DE IMPRENTA) | |
| Lugar de publicación, distribución, etc | Bogotá, Colombia : |
| Nombre del editor, distribuidor, etc. | Panamericana, |
| Fecha de publicación, distribución, etc | 2007 |
| Fecha de impresión | |
| 300 ## - DESCRIPCIÓN FÍSICA | |
| Extensión | 242 p. : |
| Otros detalles físicos | il. ; |
| Dimensiones | 21 cm. |
| 490 0# - MENCIÓN DE SERIES | |
| Mención de serie | Letras latinoamericanas |
| 500 ## - NOTA GENERAL | |
| Nota general | Contiene tabla cronológica, ahí se encentra el escritor dominicano Manuel de Jesús Galván |
| 650 #4 - ENCABEZAMIENTO DE MATERIA--TEMÁTICO | |
| Término temático o nombre geográfico como elemento de entrada | Poesía argentina |
| 650 #4 - ENCABEZAMIENTO DE MATERIA--TEMÁTICO | |
| Término temático o nombre geográfico como elemento de entrada | Gaucho |
| Subdivisión de forma | Poesías |
| 700 1# - ASIENTO SECUNDARIO -- NOMBRE PERSONAL | |
| Nombre personal | Silva Rincón, Gabriel, |
| Mención de responsabilidad | editor |
| 910 ## - VALIDACIÓN | |
| Validación | VMateo V. Control de calidad. BPMSU |
| 942 ## - ADDED ENTRY ELEMENTS (KOHA) | |
| Source of classification or shelving scheme | Dewey Decimal Classification |
| Koha item type | Libros |
| Withdrawn status | Lost status | Source of classification or shelving scheme | Damaged status | Not for loan | Collection code | Home library | Current library | Date acquired | Source of acquisition | Total Checkouts | Full call number | Barcode | Date last seen | Price effective from | Koha item type |
|---|---|---|---|---|---|---|---|---|---|---|---|---|---|---|---|
| Dewey Decimal Classification | Colección Dominicana | Biblioteca Pública Metropolitana Salomé Ureña | Biblioteca Pública Metropolitana Salomé Ureña | 08/08/2016 | Donación | BPMSU CG A861.5 H557M 2007 | BPMSU16080097 | 08/08/2016 | 08/08/2016 | Libros |